000 00505nam a2200193Ia 4500
005 20250117042723.0
008 240331s9999 xx 000 0 und d
020 _a8185229457
082 _bSAN
_25485
_a305.3
100 _aSangari, K
245 0 _aPolitics of the Possible:
_bEssays on Gender, History, Narratives, Colonial English
260 _aNew Delhi
_bTulika
_c1999
300 _axlix, 503 p.,
650 _aGender
650 _aHistory
650 _aWomen
650 _aLiterature
942 _cL
999 _c1605
_d1605